| 000 | 00975nam a2200265 a 4500 | ||
|---|---|---|---|
| 005 | 20200104041627.0 | ||
| 008 | 140815|2008 cn spa | ||
| 020 | _a9292250833 | ||
| 041 | _aspa | ||
| 044 | _acn | ||
| 082 |
_a577.27 _bN25c |
||
| 100 | 1 |
_aNasi, Robert _925582 |
|
| 245 | 1 | 0 |
_aConservación y utilización de recursos provenientes de la vida silvestre : _bLa crisis de la carne de caza _cRobert, Nasi... (et al.) |
| 260 |
_aMontreal _bSecretaria del Convenio sobre la Diversidad Biológica _bCentro para la Investigación Forestal Internacional-(CIFOR) _c2008 |
||
| 300 |
_a53 p. _bTablas, fot. _c28 cm. |
||
| 490 |
_aCuaderno Técnico CDB _v33 |
||
| 504 | _aIncluye referencias bibliográficas (pag 45 - 53) | ||
| 650 | 4 |
_aVida silvestre _925974 |
|
| 650 | 4 |
_aCacería _93826 |
|
| 650 | 4 |
_aConservación de biodiversidad _9345 |
|
| 650 | 4 |
_aCarne de monte _925975 |
|
| 700 | 1 |
_aBrown, David _eed. _925412 |
|
| 700 | 1 |
_aBennet, Elizabeth _eed. _925414 |
|
| 942 |
_cLIBRO _2ddc |
||
| 999 |
_c8595 _d8595 |
||